| 000 | 00530nam a22001457a 4500 | ||
|---|---|---|---|
| 082 |
_a625.76 _bMAI _cDonation |
||
| 110 |
_aTransport and Road Research Laboratory Hawthorne Berkshire United Kingdom _926746 |
||
| 245 |
_aOverseas Road Note _bMaintenance Techniques for District Engineers |
||
| 250 | _a2nd ed | ||
| 260 |
_aUnited Kingdom _bTransport and Road Research Laboratory Hawthorne Berkshire United Kingdom |
||
| 300 |
_aP,42 _bIlluas |
||
| 526 |
_a0 _b0 _c0 _d625_760000000000000_MAI |
||
| 650 |
_aMCE _9379 |
||
| 942 |
_2ddc _cBK |
||
| 999 |
_c547542 _d547542 |
||